000
00281nam a2200121Ia 4500
008
190216s9999||||xx |||||||||||||| ||und||
100
_a
Byrd J L
245
0
_a
King Arthur And His Knights
260
_b
E J Arnold & Son Ltd
_c
1988
300
_a
96p
650
_a
Novel
942
_c
BK
999
_c
11932
_d
11932